Bayern Munich 21st century best starting XI - Statistics

General Stats
  • This quiz has been taken 131 times
    109 since last reset
  • The average score is 9 of 11
Answer Stats
Hint Answer % Correct
GK Neuer
100%
ST Lewandowski
97%
RW Robben
94%
RB Lahm
93%
LW Ribéry
93%
AM Müller
92%
DM Kimmich
86%
CB Boateng
84%
CB Hummels
75%
LB Alaba
62%
DM Kroos
60%
No matching quizzes found
Score Distribution
Percent of People with Each Score
Percentile by Number Answered
Your Score History
You have not taken this quiz since the last reset